A handbook for parents in ministry : (Record no. 10074)
[ view plain ]
| 000 -LEADER | |
|---|---|
| fixed length control field | 01156cam a2200301 a 4500 |
| 001 - CONTROL NUMBER | |
| control field | 13612635 |
| 003 - CONTROL NUMBER IDENTIFIER | |
| control field | GBCCL |
| 005 - DATE AND TIME OF LATEST TRANSACTION | |
| control field | 20241126110724.0 |
| 008 - FIXED-LENGTH DATA ELEMENTS--GENERAL INFORMATION | |
| fixed length control field | 040603s2004 tnu b 001 0 eng d |
| 010 ## - | |
| -- | 2004299943 |
| 020 ## - INTERNATIONAL STANDARD BOOK NUMBER | |
| International Standard Book Number | 0805427864 |
| 035 ## - SYSTEM CONTROL NUMBER | |
| System control number | (OCoLC)ocm54475716 |
| 040 ## - CATALOGING SOURCE | |
| Original cataloging agency | TNE |
| Transcribing agency | TNE |
| Modifying agency | DLC |
| 042 ## - | |
| -- | lccopycat |
| 050 00 - | |
| -- | BV4396 |
| -- | .P38 2004 |
| 082 00 - DEWEY DECIMAL CLASSIFICATION NUMBER | |
| Classification number | 253.22 |
| Edition information | 22 |
| Item number | PAT |
| 100 1# - MAIN ENTRY--PERSONAL NAME | |
| Personal name | Patterson, Dorothy Kelley, |
| Dates associated with a name | 1943- |
| 9 (RLIN) | 14195 |
| 245 12 - TITLE STATEMENT | |
| Title | A handbook for parents in ministry : |
| Remainder of title | training up a child while answering the call / |
| Statement of responsibility, etc. | Dorothy Kelley Patterson and Armour Patterson. |
| 246 18 - | |
| -- | Parents in ministry |
| 260 ## - PUBLICATION, DISTRIBUTION, ETC. | |
| Place of publication, distribution, etc. | Nashville, Tenn. : |
| Name of publisher, distributor, etc. | Broadman & Holman Publishers, |
| Date of publication, distribution, etc. | c2004. |
| 300 ## - PHYSICAL DESCRIPTION | |
| Extent | xiii, 242 p. ; |
| Dimensions | 22 cm. |
| 504 ## - BIBLIOGRAPHY, ETC. NOTE | |
| Bibliography, etc. note | Includes bibliographical references (p. 236-237) and index. |
| 650 #0 - SUBJECT ADDED ENTRY--TOPICAL TERM | |
| Topical term or geographic name entry element | Families of clergy. |
| 9 (RLIN) | 17485 |
| 700 1# - ADDED ENTRY--PERSONAL NAME | |
| Personal name | Patterson, Armour, |
| Dates associated with a name | 1968- |
| 9 (RLIN) | 17486 |
| 906 ## - LOCAL DATA ELEMENT F, LDF (RLIN) | |
| a | 7 |
| b | cbc |
| c | copycat |
| d | 2 |
| e | ncip |
| f | 20 |
| g | y-gencatlg |
| 942 ## - ADDED ENTRY ELEMENTS (KOHA) | |
| Source of classification or shelving scheme | Dewey Decimal Classification |
| Koha item type | Books |
| Withdrawn status | Lost status | Source of classification or shelving scheme | Damaged status | Not for loan | Home library | Current Library | Shelving location | Date acquired | Total checkouts | Full call number | Barcode | Date last seen | Copy number | Price effective from | Koha item type |
|---|---|---|---|---|---|---|---|---|---|---|---|---|---|---|---|
| Dewey Decimal Classification | GRACE BIBLE COLLEGE | GRACE BIBLE COLLEGE | Ministry & Mission | 2024-02-29 | 253.22 PAT | 016535 | 2025-05-01 | c.1 | 2024-02-29 | Books |